Fluid mechanics : Fundamentals and applications
Đã lưu trong:
| Príomhúdar: | |
|---|---|
| Formáid: | Leabhar |
| Teanga: | Undetermined |
| Foilsithe: |
Boston, MA.
McGraw-Hill Higher Education
2006
|
| Ábhair: | |
| Clibeanna: |
Cuir Clib Leis
Gan Chlibeanna, Bí ar an gcéad duine leis an taifead seo a chlibeáil!
|
| Thư viện lưu trữ: | Trung tâm Học liệu Trường Đại học Cần Thơ |
|---|
| LEADER | 00625nam a2200217Ia 4500 | ||
|---|---|---|---|
| 001 | CTU_100080 | ||
| 008 | 210402s9999 xx 000 0 und d | ||
| 020 | |c 559000 | ||
| 082 | |a 620.106 | ||
| 082 | |b C395 | ||
| 100 | |a Çengel, Yunus A. | ||
| 245 | 0 | |a Fluid mechanics : | |
| 245 | 0 | |b Fundamentals and applications | |
| 245 | 0 | |c Yunus A. Cengel, John M. Cimbala | |
| 260 | |a Boston, MA. | ||
| 260 | |b McGraw-Hill Higher Education | ||
| 260 | |c 2006 | ||
| 650 | |a Fluid dynamics | ||
| 904 | |i Giang | ||
| 910 | |a Sách kèm CD số: AV.000473, AV.000787 | ||
| 980 | |a Trung tâm Học liệu Trường Đại học Cần Thơ | ||